000 00685nam a2200217 a 4500
001 000024519
005 20200930023221.0
008 110128s1966 mx r 000 0 spa d
040 _aDO-SdBNP
_bspa
_cBNPHU
082 _axxxxx
_bM628e
100 1 _aMiddleton Murry, J.
_950242
245 1 3 _aEl estilo literario /
_cJ. Middleton Murry ; Jorge Hernández Campos.
250 _a3a ed.
260 _aMéxico, D. F. :
_bFondo de Cultura Económia,
_c1966.
300 _a150 p. ;
_c17 cm.
440 0 _aBrevarios ;
_v46
_914231
500 _aIncluye notas al pie de las páginas.
700 1 _aHernández Campos, Jorge,
_etr.
_950243
830 0 _aBrevarios ;
_n46
_950244
049 _aBNGR
999 _c24012
_d24012